Počítačové sítě LAN od A do Z /

Saved in:
Bibliographic Details
Main Author: Schatt, Stan (Author)
Format: Book
Language:Czech
Published: Praha : Grada, 1994
Edition:1.vyd.
Subjects:
Tags: Add Tag
No Tags, Be the first to tag this record!

MARC

LEADER 00000nam a22000003a 4500
001 stu6293
005 20150617225807.7
008 940712s1994----xr------------------cze-d
020 |a 80-85623-76-5 
040 |a STU  |b slo 
041 0 |a cze 
044 |a xr 
080 |a 681.324 
080 |a 681.327.8 
100 1 |a Schatt, Stan  |4 aut 
245 1 |a Počítačové sítě LAN od A do Z /  |c [aut.] Schatt,Stan 
250 |a 1.vyd. 
260 |a Praha :  |b Grada,  |c 1994 
300 |a 378 s 
650 7 |a počítačové siete  |2 stusub 
650 7 |a komunikačné siete  |2 stusub 
650 7 |a LAN  |2 stusub 
996 |b 284EK08073  |c E*79121  |l EE01  |s A  |a 24  |w stu6293_0001 
996 |b I4871  |c I*4871  |l II680  |s A  |a 24  |w stu6293_0002 
996 |b 284IK06446  |c I*5LS4891  |l I  |s A  |a 24  |w stu6293_0003 
996 |b E79890  |c E*79890  |l EE03  |s P  |a 0  |w stu6293_0005